000 00754nam a2200217 i 4500
001 33908
003 ES-MaACL
005 20260617125231.0
007 t|
008 030203s1967 sp ||||1| spa d
100 1 _aBlanc, André.
_929107
245 1 0 _aClaudel
_b: el punto de vista de Dios /
_cAndré Blanc ; traducción por Felipe Ximénez Sandoval.
260 _aMadrid :
_bStudium,
_c[1967]
300 _a168 p., 4 lám. ;
_c19 cm.
490 1 _aColección "Semblanzas" ;
_v33
600 0 4 _aClaudel, Paul,
_d1868-1955-
_xCrítica e interpretación
_939086
700 1 _aXiménez de Sandoval, Felipe,
_d1903-1978
_9117510
830 0 _aColección "Semblanzas" ;
_v33
_9229471
852 _aES-MaACL
_jC-31960
_bR.62468
999 _c33908
_d33908